000 00793nam a2200217 a 4500
008 951211s1980||||[C 0 slo c
020 _c150 Kčs.
_q(60000 výtl.)
040 _aSNK
_bslo
_cSNK
_eAACR2
041 1 _aslo
_hslo
080 _a908.437.6(031)
080 _a030.1(437.6)
245 1 0 _aEncyklopédia Slovenska IV.zväzok N-Q
_bSúhrn poznatkov o minulosti a prítomnosti Slovenska ; Milan Veselý, Jozef Laluha
_nIV. zv., N-Q
250 _a1., vyd.
260 _aBratislava
_bVeda
_c1980
_eBratislava
_fSvornosť
300 _a671 s., 173,55 AH
_bFareb. a čiernobiele fot. Sch. Tb.
_c26 cm
500 _aFareb. príl. a prebal vytl. Tlačiarne SNP, Martin. Zozn. skr. a obcí.
700 1 _aVeselý, Milan
_4bkd
700 1 _aLaluha, Jozef
_4bkd
044 _axo
_cSK
958 _aA
999 _c19269
_d19269